Statistiques concernant Toutes les Icônes FIFA (21)

Cliquez ici pour prendre le quiz!

Statistiques générales

  • Ce quiz a été pris 51 fois
  • Le résultat moyen est 19 sur 30

Statistiques - réponses

Réponse% Correct
Eusébio
96%
Philipp Lahm
92%
Thierry Henry
90%
Ashley Cole
88%
Fernando Torres
85%
David Trezeguet
83%
Samuel Eto'o
81%
Xavi
81%
Ferenc Puskas
79%
Garrincha
79%
Petr Cech
79%
Didier Drogba
77%
David Beckham
75%
Roberto Baggio
75%
Luis Figo
73%
Nemanja Vidic
71%
Bastian Schweinsteiger
67%
Eric Cantona
63%
Miroslav Klose
60%
Dennis Bergkamp
58%
George Best
58%
Johan Cruyff
58%
Alessandro Del Piero
48%
Gianfranco Zola
35%
Filippo Inzaghi
33%
Kenny Dalglish
31%
Emilio Butragueno
25%
Hernan Crespo
21%
Luis Hernandez
10%
Avor Suker
4%

Distribution des résultats

Percentile par nombre de réponses

% des personnes avec chaque résultat

Votre développement - résultats

Vous n’avez pas pris ce quiz